000 00633nam a2200205Ia 4500
003 OSt
005 20220925192954.0
006 a|||||r|||| 00| 0
007 ta
008 220923b |||||||| |||| 00| 0 eng d
037 _cGeneral Book
040 _aRTL
_cRTL
_beng
041 _2eng
_aeng
082 _aX:84.275 N68<--N66s, K8
245 0 _aSen raleigh limited
_b reports & statement of accounts for 1966-68.
260 _aCalcutta
_bSen-Ralleigh limited
_c1967
300 _a1966(27p) 1967(31p) 1968(43p)
_ccm.
942 _hX:84.275 N68<--N66s, K8
_cGB
_2CC
999 _c524126
_d524126